Applied Interactive Method
Αποθηκεύτηκε σε:
| Κύριος συγγραφέας: | |
|---|---|
| Άλλοι συγγραφείς: | |
| Μορφή: | Βιβλίο |
| Γλώσσα: | English |
| Δημοσίευση: |
New York :
Academic Press,
c1981
|
| Σειρά: | Computer science and applied mathematics
|
| Θέματα: | |
| Ετικέτες: |
Προσθήκη ετικέτας
Δεν υπάρχουν, Καταχωρήστε ετικέτα πρώτοι!
|
MARC
| LEADER | 00000nam a2200000 i 4500 | ||
|---|---|---|---|
| 001 | 1/53987 | ||
| 008 | 951030s1981 eng d | ||
| 020 | |a 0-12-313340-8 | ||
| 035 | |1 ΕΛΗ |a 1995 |b 2410 |c ΠΑΠΑΔΟΠΟΥΛΟΣ |l 10044864 | ||
| 040 | |a GR-MY-UA |b gre |e aacr | ||
| 041 | 0 | |a eng | |
| 082 | 0 | |a 519.4 | |
| 100 | 1 | |a Hageman, Louis A. | |
| 245 | 1 | 0 | |a Applied Interactive Method / |c Louis A. Hageman, David M. Young |
| 260 | |a New York : |b Academic Press, |c c1981 | ||
| 300 | |a xvii, 386 p.; |b ill.; |c 24 cm. | ||
| 490 | 1 | |a Computer science and applied mathematics | |
| 500 | |a Bibliography p. 373-380 | ||
| 500 | |a Includes index | ||
| 650 | 0 | 0 | |a Iterative methods (Mathematics) |
| 700 | 1 | |a Young, David M. | |
| 830 | 0 | |a Computer science and applied mathematics | |
| 852 | |a INST |b SAMOS |e 19951030 |h 519.4 HAG |p 005300012069 |q 005300012069 |t BK |y 0 | ||
| 901 | |a BIBL-1997-2 | ||
| 909 | |a Σ |b 051442 | ||